Didaktické impulsy ve výuce účetnictví z pohledu Katedry didaktiky ekonomických předmětů na Vysoké škole ekonomické v Praze

Tendencie vo vývoji ekonomického vzdelávania. Tendencie vo výuke didaktiky ekonomických predmetov na VŠE Praha. Tendencie vo výuke didaktiky účtovníctva. Projekt VŠE v Prahe - Zkvalitňování prostupnosti sekundárního vzdělávání s terciárním vzděláváním v kontextu mezinárodních účetních standardů IFRS...

Full description

Saved in:
Bibliographic Details
Main Author: Králová, Alena
Format: Book Chapter
Language:Czech
Subjects:
Tags: Add Tag
No Tags, Be the first to tag this record!

MARC

LEADER 00000nla a2200000 4500
001 0200019
005 20240417075056.7
041 0 |a cze 
044 |a CZ 
245 1 0 |a Didaktické impulsy ve výuce účetnictví z pohledu Katedry didaktiky ekonomických předmětů na Vysoké škole ekonomické v Praze  |c Alena Králová 
520 |a Tendencie vo vývoji ekonomického vzdelávania. Tendencie vo výuke didaktiky ekonomických predmetov na VŠE Praha. Tendencie vo výuke didaktiky účtovníctva. Projekt VŠE v Prahe - Zkvalitňování prostupnosti sekundárního vzdělávání s terciárním vzděláváním v kontextu mezinárodních účetních standardů IFRS. 
610 2 0 |a účtovníctvo 
610 2 0 |a vyučovanie 
610 2 0 |a vzdelávanie 
610 2 0 |a didaktika 
610 2 0 |a školy stredné 
610 2 0 |a školy vysoké 
610 2 0 |a Česko 
100 1 |a Králová, Alena